Ligue 1 Champions - Statistics

General Stats
  • This quiz has been taken 36 times
  • The average score is 65 of 79
Answer Stats
Year Answer % Correct
1937 Marseille
100%
1948 Marseille
100%
1971 Marseille
100%
1972 Marseille
100%
1989 Marseille
100%
1990 Marseille
100%
1991 Marseille
100%
1992 Marseille
100%
2010 Marseille
100%
1986 Paris Saint-Germain
100%
1994 Paris Saint-Germain
100%
2013 Paris Saint-Germain
100%
2014 Paris Saint-Germain
100%
2015 Paris Saint-Germain
100%
2016 Paris Saint-Germain
100%
2018 Paris Saint-Germain
100%
2002 Lyon
97%
2003 Lyon
97%
2004 Lyon
97%
2005 Lyon
97%
2006 Lyon
97%
2007 Lyon
97%
2008 Lyon
97%
1961 Monaco
94%
1963 Monaco
94%
1978 Monaco
94%
1982 Monaco
94%
1988 Monaco
94%
1997 Monaco
94%
2000 Monaco
94%
2017 Monaco
94%
1950 Bordeaux
91%
1984 Bordeaux
91%
1985 Bordeaux
91%
1987 Bordeaux
91%
1999 Bordeaux
91%
2009 Bordeaux
91%
1946 Lille
88%
1954 Lille
88%
2011 Lille
88%
1933 Olympique Lillois
88%
1965 Nantes
85%
1966 Nantes
85%
1973 Nantes
85%
1977 Nantes
85%
1980 Nantes
85%
1983 Nantes
85%
1995 Nantes
85%
2001 Nantes
85%
1951 Nice
82%
1952 Nice
82%
1956 Nice
82%
1959 Nice
82%
2012 Montpelier
79%
1957 Saint-Etienne
79%
1964 Saint-Etienne
79%
1967 Saint-Etienne
79%
1968 Saint-Etienne
79%
1969 Saint-Etienne
79%
1970 Saint-Etienne
79%
1974 Saint-Etienne
79%
1975 Saint-Etienne
79%
1976 Saint-Etienne
79%
1981 Saint-Etienne
79%
1998 Lens
70%
1996 Auxerre
67%
1949 Reims
67%
1953 Reims
67%
1955 Reims
67%
1958 Reims
67%
1960 Reims
67%
1962 Reims
67%
1979 Strasbourg
61%
1935 Sochaux
36%
1938 Sochaux
36%
1934 Sete
18%
1939 Sete
18%
1936 RCF Paris
12%
1947 Roubaix-Tourcoing
9%
No matching quizzes found
Score Distribution
Percent of People with Each Score
Percentile by Number Answered
Your Score History
You have not taken this quiz